00000000nam 2200000za 4500
0019.643855
003CaOODSP
00520240624082232
007cr |||||||||||
008150407|1981||||xxc|||||o    f|0| 0 fre d
040 |aCaOODSP|bfre
043 |an-cn---
0861 |aZ1-1980/2F-PDF
24500|aCommission royale d'enquête sur la situation dans le service extérieur |h[ressource électronique] / |cPamela A. McDougall, commissaire.
260 |aOttawa : |bBureau du Conseil privé, |cc1981.
300 |a522 p.|bgraphiques
500 |aPublication historique numérisée en 2006 par le Bureau du Conseil privé du Canada.
504 |aComprend des références bibliographiques.
590 |a15-04-Supp|b2015-03-19
69107|aCommission d'enquête|2gcpds
69107|aService diplomatique|2gcpds
7101 |aCanada. |bBureau du Conseil privé.
77508|tRoyal Commission on Conditions of Foreign Service / |w(CaOODSP)9.699901
85640|qPDF|s16.18 Mo|uhttps://publications.gc.ca/collections/collection_2014/bcp-pco/Z1-1980-2-fra.pdf